Statystyki dla Wszystkie polskie kluby piłkarskie na literę B

Kliknij tutaj aby rozwiązać quiz!

Ogólne statystyki

  • Ten quiz został rozwiązany 7 razy
  • Średni wynik to 5 z 197

Statystyki odpowiedzi

Odpowiedź% Poprawnych
Bałtyk Gdynia
80%
Bytovia Bytów
60%
Błękitni/Fadom Nowogród Bobrzański
40%
Błękitni/Sparta Kotlin
40%
Budowlani Łódź
40%
Bałtyk Koszalin
20%
Bazalt Sulików
20%
Bielawianka Bielawa
20%
BKS Bobrzanie Bolesławiec
20%
BKS Lublin
20%
BKS Stal Bielsko-Biała
20%
Błękitni Stargard
20%
Błękitni Studniska Dolne
20%
Błonianka Błonie
20%
Bronowianka Kraków
20%
Broń Radom
20%
Bug Wyszków
20%
Bzura Chodaków
20%
Babia Góra Sucha Beskidzka
0%
Babiczanka Babice
0%
Bałatowianka Grabki Małe
0%
Bałtyk Gostyń
0%
Bałtyk Sztutowo
0%
Barbara Kuźnice Boguszów-Gorce
0%
Barciczanka Barcice
0%
Barkas Obroty
0%
Barton Barcino
0%
Barycz Janków Przygodzki
0%
Barycz Milicz
0%
Barycz Osetno
0%
Barycz Sułów
0%
Baszta Bolesławiec
0%
Baszta Przedecz
0%
Bazalt Piotrowice
0%
Bazalt Wojciechów
0%
Berta Jedlińsk
0%
Beskid Andrychów
0%
Beskid Bożnów
0%
Beskid Brenna
0%
Beskid Posada Górna
0%
Beskid Równe
0%
Beskid Skoczów
0%
Beskid Tokarnia
0%
Beta Radom
0%
Biała Brunary
0%
Białka Biała Rawska
0%
Białołęka Warszawa
0%
Biały Orzeł Koźmin Wielkopolski
0%
Biały Orzeł Mieroszów
0%
Biegoniczanka Nowy Sącz
0%
Bielik Trzebiszewo
0%
Bieszczady Jankowce
0%
Bieszczady Ustrzyki Dolne
0%
Bieżanowianka Kraków
0%
Bistal Machowino
0%
Bizon Bieganów
0%
Bizon Cerkwica
0%
Bizon Jeleniec
0%
Bizon Medyka
0%
Bizon Mustang Kuźnica Cieszycka
0%
Bizon Wilkowo
0%
BKS Bocheń
0%
BKS Bogucin
0%
BKS Borów
0%
BKS Unia Bełżyce
0%
Błażowianka Błażowa
0%
Błękit Cyców
0%
Błękitni Aniołów
0%
Błękitni Bobrówka
0%
Błękitni Bukowiec
0%
Błękitni Chwalimierz
0%
Błękitni Cieślin
0%
Błękitni Dmosin
0%
Błękitni Dobiegniew
0%
Błękitni Futory
0%
Błękitni Gąbin
0%
Błękitni Główczyce
0%
Błękitni Gniechowice
0%
Błękitni Gójsk
0%
Błękitni Gonne Małe
0%
Błękitni Grzęska
0%
Błękitni Herby
0%
Błękitni Jasienica Rosielna
0%
Błękitni Jerzmanowo
0%
Błękitni Komplex Górsk
0%
Błękitni Korytów
0%
Błękitni Kościelec
0%
Błękitni Koskowice
0%
Błękitni Krzeczów
0%
Błękitni Kursant Górsk
0%
Błękitni Libidza
0%
Błękitni Lubięcin
0%
Błękitni Lubno
0%
Błękitni Ludwikowice
0%
Błękitni Łunawy
0%
Błękitni Modlnica
0%
Błękitni Motarzyno
0%
Błękitni Niedźwiedź
0%
Błękitni Olbrachtów
0%
Błękitni Ołobok
0%
Błękitni Ometa
0%
Błękitni Owiesno
0%
Błękitni Owińska
0%
Błękitni Pasym
0%
Błękitni Pawłów Trzebnicki
0%
Błękitni Raciąż
0%
Błękitni Ropczyce
0%
Błękitni Rudołowice
0%
Błękitni Sarnów
0%
Błękitni Siedlanka
0%
Błękitni Siedlce
0%
Błękitni Sobowidz
0%
Błękitni Stare Pole
0%
Błękitni Stary Jarosław
0%
Błękitni Stoczek Węgrowski
0%
Błękitni Świdnica
0%
Błękitni Szymocin
0%
Błękitni Tarnów
0%
Błękitni Toporów
0%
Błękitni Trzygłów
0%
Błękitni Żeglce
0%
Błękitni Żywiec
0%
Błysk Aleksandrów
0%
Błyskawica Drogomyśl
0%
Błyskawica Gościmiec
0%
Błyskawica Kluki
0%
Błyskawica Kończyce Wielkie
0%
Błyskawica Lenartowice
0%
Błyskawica Lipie Góry
0%
Błyskawica Loboszyce
0%
Błyskawica Lubinicko
0%
Błyskawica Postolin
0%
Błyskawica Proszówki
0%
Błyskawica Reda Rekowo Dolne
0%
Błyskawica Rupniów
0%
Błyskawica Szewce
0%
Błysk Kuźniczysko
0%
Błysk Studzionki
0%
BMB Consulting Jarosław
0%
Bóbr Bobrowice
0%
Bóbr Dąbrowa Bolesławiecka
0%
Bóbr Marciszów
0%
Bóbr Tłuszcz
0%
Bobry Cierszewo
0%
Bobry Karczmiska
0%
Bobry Wojanów
0%
Bodzos Podgrodzie
0%
Bolesław Bukowno
0%
Bór Dąbie
0%
Bór Oborniki Śląskie
0%
Borowiak Czersk
0%
Borowianka Borowa
0%
Borowiec Straszęcin
0%
Borowik Bachowice
0%
Borowik Szczejkowice
0%
Bór Regut
0%
Boruta Kuczbork
0%
Bory Pietrzykowice
0%
Boxmet Piskorzów
0%
Bratek Bratkowice
0%
Brat Siennica Nadolna
0%
Brda Przechlewo
0%
Brenewia Wijewo
0%
Bricomarche Radacz
0%
Bruk-Bet Termalica Nieciecza
0%
Bryza Reńsko
0%
Brzezina Osiek
0%
Brzostowianka Brzostek
0%
Brzoza Kleszczewo
0%
Brzozovia Brzozów
0%
Brzysko-Rol Brzyszkorzystewko
0%
Bucovia Bukowa
0%
Budowlani Gozdnica
0%
Budowlani Jazowsko
0%
Budowlani Lubsko
0%
Budowlani Murzynowo
0%
Budowlani Ogrodzieniec
0%
Budowlani Pokój
0%
Budowlani Szówsko
0%
Bukowa Jastkowice
0%
Bukowianka Bukowsko
0%
Buk Rudy Wielkie
0%
Burza Bystrzyca Oławska
0%
Burza Dzikowiec
0%
Burza Godzieszowa
0%
Burza Gołaczów
0%
Burza Nowa Wieś Wielka
0%
Burza Pawlikowice
0%
Burza Pilawa
0%
Burza Roczyny
0%
Burza Rogi
0%
Burza Słupy
0%
Burza Wilczków
0%
Bystry Nowe Bystre
0%
Bystrzyca Kąty Wrocławskie
0%
Bytyń Nakielno
0%
Bzura Młogoszyn
0%

Rozkład punktacji

Percentyl według liczby udzielonych odpowiedzi

Procent ludzi z każdym wynikiem

Twoja historia wyników

Nie rozwiązałeś tego quizu